Les Nationalités représentées en Bundesliga - Statistiques

Statistiques générales
  • Ce quiz a été pris 479 fois
    203 depuis la dernière actualisation
  • Le résultat moyen est 43 sur 57
Statistiques - réponses
Nombre de Joueurs Fédération Nationalité % Correct
264 UEFA Allemand/Allemagne
100%
29 UEFA Français/France
100%
4 UEFA Espagnol/Espagne
97%
6 UEFA Anglais/Angleterre
96%
7 CONMEBOL Brésilien/Brésil
96%
4 UEFA Polonais/Pologne
95%
2 CONMEBOL Argentin/Argentine
94%
2 UEFA Italie/Italien
93%
7 UEFA Portugais/Portugal
93%
6 UEFA Suédois/Suède
93%
12 UEFA Suisse
93%
2 CAF Algérien/Algérie
92%
3 CAF Marocain/Maroc
92%
27 UEFA Autrichien/Autriche
91%
12 UEFA Belge/Belgique
91%
3 UEFA Norvégien/Norvège
90%
10 CONCACAF Américain/États-Unis
89%
9 UEFA Néerlandais/Pays-Bas
89%
1 CAF Sénégalais/Sénégal
87%
7 AFC Japonais/Japon
85%
1 CAF Canadien/Canada
84%
13 UEFA Danois/Danemark
84%
5 UEFA Turc/Turquie
84%
2 UEFA Turc/Turquie
84%
1 UEFA Ukrainien/Ukraine
84%
1 CAF Égyptien/Égypte
83%
2 UEFA Finlandais/Finlande
83%
5 UEFA Hongrois/Hongrie
82%
1 UEFA Slovaque/Slovaquie
82%
2 UEFA Slovène/Slovénie
82%
10 UEFA Croate/Croatie
81%
2 CONMEBOL Colombien/Colombie
80%
9 UEFA Tchèque/République Tchèque
80%
2 CAF Tunisien/Tunisie
80%
1 UEFA Grec/Grèce
78%
3 UEFA Serbe/Serbie
78%
1 CAF Camerounais/Cameroun
76%
3 AFC Sud Coréen/Corée du Sud
74%
3 UEFA Luxembourgeois/Luxembourg
73%
1 UEFA Écossais/Écosse
72%
2 CAF Nigérian/Nigéria
72%
2 UEFA Albanais/Albanie
69%
3 CONMEBOL Équatorien/Équateur
67%
3 CAF Ivoirien/Côte d'Ivoire
67%
2 CAF Malien/Mali
66%
1 UEFA Bosnien/Bosnie-Herzégovine
62%
5 CAF Ghanéen/Ghana
61%
3 CAF Guinéen/Guinée
57%
1 CONCACAF Costaricien/Costa-Rica
49%
2 UEFA Kosovar/Kosovo
49%
1 CAF Togolais/Togo
49%
1 UEFA Israélien/Israël
46%
2 UEFA Arménien/Arménie
45%
1 CAF Burkinabé/Burkina-Faso
34%
1 CAF Congolais/République Démocratique du Congo
33%
1 CAF Gambien/Gambie
28%
1 CONCACAF Surinamais/Suriname
21%
Aucun quiz correspondant
Distribution des résultats
% des personnes avec chaque résultat
Percentile par nombre de réponses
Votre historique - résultats
Vous n’avez pas pris ce quiz depuis la dernière actualisation